000 00481nam a2200181Ia 4500
001 3335
005 20260306145636.0
008 260306t2003||||xx |||||||||||||| ||spa||
041 _aESP
082 _a270
_bG24 T. 2
100 _aGarcía-Villoslada, Ricardo
_eAUT
245 0 _aHistoria de la Iglesia Católica:
_bedad media: la cristiandad en el mundo europeo y feudal
260 _c2003
300 _a
_c20 cm.
650 _aGEN
654 _aCHU
942 _cLIB
_dJUS
_fJUS
_2ddc
_n
999 _c3335
_d3335